000 00291nam a22001337a 4500
008 221111b ||||| |||| 00| 0 eng d
041 _aeng
080 _a101
082 _a101 SCO
100 _a44
101 _aFILO
245 _aTHE SCIENTIFIC WORK OF RENE
_cSCOTT F.J
942 _2udc
_cBK
999 _c58863
_d58863